000 01222nam a22002897a 4500
005 20110913140452.0
008 110913t xxu||||| |||| 00| 0 eng d
010 _aENG-103669
020 _a9788132106500
_c595.00
035 _aEN-87202
037 _bDBAD/PUB
040 _aDPL
_bEng
082 0 0 _a305.409541
_223
245 0 0 _aWomen in Indian borderlands /
_cedited by Paula Banerjee [and] Anasua Basu Ray Chaudhury
260 _aNew Delhi
_bSAGE Publications
_c2011
270 _aB1/ I-1 Mohan Cooperative Industrial Area, Mathura Road
_bNew Delhi
_e110044
300 _axxv,234p.
_c22cm (Hb)
500 _aIncludes bibliographical references and index.
650 0 _aWomen
_zIndia
_xSocial conditions.
_934705
650 0 _aWomen immigrants
_zIndia
_xSocial conditions.
_934706
650 0 _aBorderlands
_xSocial aspects
_zIndia.
_934707
700 1 _aBanerjee, Paula.
_934708
700 1 _aBasu Ray Chaudhury, Anasua
_934709
942 _2ddc
_cEN
_h305.409541
_mWOM
999 _c56555
_d56555